000 00452nam a2200181Ia 4500
008 090124s9999 xx 000 0 und d
082 _b37127
100 _aकामतानाथ
245 _a काल कथा 1
250 _a1
260 _c1998
300 _a406
600 _aकामतानाथ
630 _a काल कथा 1
700 _aकामतानाथ
730 _a काल कथा 1
942 _cBOOK
999 _c103040
_d103040